Nguyên tắc ghi phát hình trong máy Video cassette Luận văn tốt nghiệp Đại học Sư phạm ngành Vật lí Khóa 12

保存先:
書誌詳細
第一著者: Huỳnh Trọng Đức
フォーマット: 図書
言語:Undetermined
出版事項: Cần Thơ Trường Đại học Cần Thơ, Khoa Sư phạm, Bộ môn Vật lí 1990
タグ: タグ追加
タグなし, このレコードへの初めてのタグを付けませんか!
Thư viện lưu trữ: Trung tâm Học liệu Trường Đại học Cần Thơ
LEADER 00704nam a2200181Ia 4500
001 CTU_25791
008 210402s9999 xx 000 0 und d
082 |a 621.388 
082 |b Đ552/1990 
100 |a Huỳnh Trọng Đức 
245 0 |a Nguyên tắc ghi phát hình trong máy Video cassette 
245 0 |b Luận văn tốt nghiệp Đại học Sư phạm ngành Vật lí Khóa 12 
245 0 |c Huỳnh Trọng Đức 
260 |a Cần Thơ 
260 |b Trường Đại học Cần Thơ, Khoa Sư phạm, Bộ môn Vật lí 
260 |c 1990 
904 |i Nguyễn Quang Điền, 980929 
980 |a Trung tâm Học liệu Trường Đại học Cần Thơ